Fr. Conceicao Rodrigues College of Engineering

Text book of Fluid Mechanics (Record no. 19592)

MARC details
000 -LEADER
fixed length control field 00364nam a2200169Ia 4500
082 ## - DEWEY DECIMAL CLASSIFICATION NUMBER
Classification number 532/RAJ
Item number RAJ
100 ## - MAIN ENTRY--PERSONAL NAME
Personal name Rajput/R.K
245 ## - TITLE STATEMENT
Title Text book of Fluid Mechanics
260 ## - PUBLICATION, DISTRIBUTION, ETC.
Name of publisher, distributor, etc. S.Chand & C0
Place of publication, distribution, etc. Mumbai
Date of publication, distribution, etc. 1998
366 ## - TRADE AVAILABILITY INFORMATION
Publishers's discount category 20
300 ## - PHYSICAL DESCRIPTION
Extent 999
546 ## - LANGUAGE NOTE
Language note ENGLISH
650 ## - SUBJECT ADDED ENTRY--TOPICAL TERM
Topical term or geographic name entry element Fluid Mechanics
654 ## - SUBJECT ADDED ENTRY--FACETED TOPICAL TERMS
Focus term fluid mechanics
942 ## - ADDED ENTRY ELEMENTS (KOHA)
Koha item type BOOK
Holdings
Withdrawn status Lost status Damaged status Not for loan Collection Home library Current library Date acquired Source of acquisition Cost, normal purchase price Inventory number Total Checkouts Full call number Barcode Date last seen Cost, replacement price Price effective from Koha item type
        CRC Fr. Agnel's C.Rodrigues College of Engineering Fr. Agnel's C.Rodrigues College of Engineering 17/03/2023 S.Chand and Co. 320.00 3164 dt 25/02/2008   532/RAJ RAJ 18478 17/03/2023 340.00   BOOK
        CRC Fr. Agnel's C.Rodrigues College of Engineering Fr. Agnel's C.Rodrigues College of Engineering 17/03/2023 S.Chand and Co. 320.00 3164 dt 25/02/2008   532/RAJ RAJ 18479 17/03/2023 340.00   BOOK
        CRC Fr. Agnel's C.Rodrigues College of Engineering Fr. Agnel's C.Rodrigues College of Engineering 17/03/2023 S.Chand and Co. 320.00 3164 dt 25/02/2008   532/RAJ RAJ 18480 17/03/2023 340.00   Reference Book